| 000 | 00882nam a22002651 4500 | ||
|---|---|---|---|
| 001 | 7268 | ||
| 003 | BD-RjUL | ||
| 005 | 20211208234405.0 | ||
| 008 | 140113s1966 nyu b 001 0 eng | ||
| 035 | _a(BD-RjUL)7311 | ||
| 040 |
_aDLC/ICU _cICU _dDLC _dBD-RjUL _beng |
||
| 041 | _aeng | ||
| 082 | 0 | 0 |
_a512.8 _bSCI 1966 |
| 100 | 1 |
_aSchafer, Richard D. _q(Richard Donald), _d1918- _922712 |
|
| 245 | 1 | 3 |
_aAn introduction to nonassociative algebras / _cRichard D. Schafer. |
| 260 |
_aNew York : _bAcademic Press, _cc1966. |
||
| 300 |
_ax, 166 p. ; _c24 cm. |
||
| 490 | 1 |
_aPure and applied mathematics; a series of monographs and textbooks, _v22 |
|
| 504 | _aIncludes Bibliography and index. | ||
| 650 | 0 |
_aNonassociative algebras. _922713 |
|
| 830 | 0 |
_v22. _9151361 |
|
| 830 | 0 |
_aPure and applied mathematics (Academic Press) ; _9151104 |
|
| 942 |
_2ddc _cBK |
||
| 999 |
_c7268 _d7268 |
||